Family Feud #22 - Statistics

General Stats
  • This quiz has been taken 18 times
  • The average score is 2 of 6
Answer Stats
Hint Answer % Correct
3 Boyfriend/ Girlfriend
80%
24 Cat/Dog
40%
19 Bad Report Card/Failing Grade
27%
28 Lice
20%
8 Cops
7%
13 Germs
0%
No matching quizzes found
Score Distribution
Percent of People with Each Score
Percentile by Number Answered
Your Score History
You have not taken this quiz